Most Populous U.S. States - A-Z - Statistics

General Stats
  • This quiz has been taken 1,444 times
    1,367 since last reset
  • The average score is 17 of 19
Answer Stats
Population State % Correct
C 39,557,045 California
97%
F 21,299,325 Florida
96%
N 19,542,209 New York
95%
G 10,519,475 Georgia
93%
T 28,701,845 Texas
93%
A 7,171,646 Arizona
91%
D 967,171 Delaware
90%
P 12,807,060 Pennsylvania
89%
K 4,468,402 Kentucky
88%
O 11,689,442 Ohio
88%
U 3,161,105 Utah
88%
W 7,535,591 Washington
88%
H 1,420,491 Hawaii
87%
I 12,741,080 Illinois
87%
V 8,517,685 Virginia
86%
L 4,659,978 Louisiana
85%
R 1,057,315 Rhode Island
85%
S 5,084,127 South Carolina
81%
M 9,998,915 Michigan
79%
No matching quizzes found
Score Distribution
Percent of People with Each Score
Percentile by Number Answered
Your Score History
You have not taken this quiz since the last reset